| 000 | nam a22 a 4500 | ||
|---|---|---|---|
| 999 |
_c899 _d899 |
||
| 003 | AKMAL | ||
| 005 | 20170505164302.0 | ||
| 008 | 170505s1983 my 00 may d | ||
| 040 |
_aAKMAL _cAKMAL |
||
| 082 | 0 | 4 | _a297.1228 AUD |
| 090 | 2 | 0 |
_a297.1228 _bAUD |
| 100 | 0 |
_aAudah, Abdul Qadir _91923 |
|
| 245 | 1 | 0 |
_aHarta dan pemerintahan dalam Islam / _cAbdul Kadir Audah |
| 260 |
_aKuala Lumpur : _bPustaka Antara, _c1983 |
||
| 300 | 0 | 0 |
_a185ms. : _bill. ; _c21cm |
| 500 | _aJudul asal: Almalu Walhukmu Fil Islam | ||
| 650 | 0 |
_aIslamic law _91728 |
|
| 650 | 0 |
_aProperty (Islamic law) _91924 |
|
| 942 |
_2ddc _cBOOK |
||